[Event "Brno CEZ Talent"]
[Site "?"]
[Date "2013.08.30"]
[Round "7"]
[White "Dirgas, Josef"]
[Black "Dobes, Vojtech"]
[Result "1/2-1/2"]
[WhiteElo "2024"]
[BlackElo "2105"]
[PlyCount "91"]

1. d4 Nf6 2. Nf3 e6 3. c4 b6 4. Nc3 Bb4 5. Qc2 Bb7 6. a3 Bxc3+ 7. Qxc3 Ne4 8.
Qc2 O-O 9. g3 d6 10. Bg2 Nf6 11. O-O Nbd7 12. Re1 Be4 13. Qd2 a5 14. b3 Re8 15.
Bb2 e5 16. e3 Qe7 17. Bc3 h6 18. Qb2 Qe6 19. Rad1 a4 20. dxe5 dxe5 21. b4 Bxf3
22. Bxf3 e4 23. Be2 h5 24. h4 Qf5 25. Kg2 Ne5 26. Bxe5 Rxe5 27. Rd4 Rae8 28.
Qd2 Ng4 29. Bxg4 Qxg4 30. Qd1 Qf5 31. Qxa4 g5 32. Rh1 Qf3+ 33. Kg1 g4 34. Qd1
Kg7 35. Qxf3 exf3 36. Kh2 c5 37. Rd6 Ra8 38. bxc5 Rxc5 39. Rxb6 Rxc4 40. Ra1
Rc2 41. Kg1 Rd8 42. Rb5 Rdd2 43. Rf1 Kg6 44. Rg5+ Kh6 45. Rf5 Kg6 46. Rg5+
1/2-1/2

[Event "Brno CEZ Talent"]
[Site "?"]
[Date "2013.08.30"]
[Round "7"]
[White "Karlik, Vladimir"]
[Black "Benes, Miroslav"]
[Result "1-0"]
[WhiteElo "2284"]
[BlackElo "1998"]
[PlyCount "67"]

1. d4 c5 2. c3 e6 3. Nf3 Nf6 4. Bf4 b6 5. e3 Bb7 6. Nbd2 Be7 7. h3 O-O 8. Bd3
d6 9. Bh2 Nbd7 10. O-O a6 11. a4 Rc8 12. Qe2 Nb8 13. Rfd1 Re8 14. dxc5 Rxc5 15.
Nc4 Bd5 16. Ncd2 Bb7 17. e4 e5 18. Ne1 Bf8 19. Nc2 d5 {(R)} 20. Nb4 a5 21. Nxd5
Nxd5 22. exd5 Bxd5 23. Bb5 Qg5 24. f4 Qe7 25. Bxe8 Qxe8 26. Ne4 Bb3 27. Nxc5
Bxc5+ 28. Kh1 Bxd1 29. Rxd1 e4 30. Bg1 Nd7 31. Bxc5 Nxc5 32. b4 Ne6 33. bxa5
bxa5 34. Qxe4 1-0

[Event "Brno CEZ Talent"]
[Site "?"]
[Date "2013.08.30"]
[Round "7"]
[White "Novak, Vitezslav"]
[Black "Pokorny, Petr"]
[Result "1/2-1/2"]
[WhiteElo "1970"]
[BlackElo "2194"]
[PlyCount "59"]

1. e4 c5 2. c3 d5 3. exd5 Qxd5 4. d4 g6 5. Nf3 Bg7 6. dxc5 Qxc5 7. Be3 Qc7 8.
Bb5+ Nd7 9. O-O Ngf6 10. Re1 O-O 11. Nbd2 a6 12. Bxd7 Nxd7 13. Ne4 b6 14. Qc1
Re8 15. Bh6 Bh8 16. Qg5 Bb7 17. Rad1 Rad8 18. Qh4 Nf6 19. Nxf6+ Bxf6 20. Bg5 {
(R)} Bxf3 21. gxf3 Bxg5 22. Qxg5 e6 23. Kg2 Rd7 24. Rxd7 Qxd7 25. Re4 Qd8 26.
Qe3 Qc7 27. Rd4 Rd8 28. Qd3 {(R)} Rxd4 29. Qxd4 Qc6 30. b3 1/2-1/2

[Event "Brno CEZ Talent"]
[Site "?"]
[Date "2013.08.30"]
[Round "7"]
[White "Fiala, Vaclav"]
[Black "Stanek, Stanislav"]
[Result "1-0"]
[WhiteElo "2192"]
[BlackElo "1967"]
[PlyCount "47"]

1. e4 e5 2. d4 d6 3. f4 Nf6 4. Nc3 exd4 5. Qxd4 Nc6 6. Bb5 Bd7 7. Bxc6 Bxc6 8.
Nf3 Be7 9. O-O O-O 10. b4 a6 11. Bb2 Bb5 12. Rfd1 c5 13. bxc5 dxc5 14. Qe5 Nd7
15. Qf5 g6 16. Qh3 Bc6 17. Ne5 f5 18. exf5 Rxf5 19. Rxd7 Bxd7 20. Rd1 c4 21.
Nxd7 Qc7 22. Nd5 Bc5+ 23. Kh1 Qd6 24. N5f6+ 1-0

[Event "Brno CEZ Talent"]
[Site "?"]
[Date "2013.08.30"]
[Round "7"]
[White "Sikora, Lukas"]
[Black "Cip, Dalibor"]
[Result "0-1"]
[WhiteElo "1954"]
[BlackElo "2103"]
[PlyCount "48"]

1. d4 Nf6 2. c4 e6 3. Nf3 c5 4. d5 exd5 5. cxd5 g6 6. Nc3 d6 7. e4 Bg7 8. h3
O-O 9. Be2 Re8 10. Qc2 Qe7 11. Nd2 Na6 12. a3 Nc7 13. O-O Nfxd5 14. Bb5 Nxc3
15. Bxe8 Ne2+ 16. Kh1 Nxe8 17. Nf3 Nxc1 18. Raxc1 b6 19. Nd2 Bb7 20. f4 Qh4 21.
Rce1 Nf6 22. f5 Re8 23. Nf3 Qg3 24. Qa4 a6 0-1

[Event "Brno CEZ Talent"]
[Site "?"]
[Date "2013.08.30"]
[Round "7"]
[White "Vesely, Jaromir"]
[Black "Musil, Jiri"]
[Result "0-1"]
[WhiteElo "1961"]
[BlackElo "2092"]
[PlyCount "134"]

1. d4 Nf6 2. c4 e6 3. Nf3 b6 4. g3 Ba6 5. b3 Bb4+ 6. Bd2 Be7 7. Bg2 c6 8. O-O
d5 9. Ne5 Nfd7 10. Nxd7 Nxd7 11. Qc2 Rc8 12. Be3 O-O 13. Nd2 c5 14. dxc5 Nxc5
15. Rac1 d4 16. Bf4 g5 17. b4 Nd7 18. Qa4 gxf4 19. Qxa6 fxg3 20. hxg3 Bxb4 21.
Nb3 Rc7 22. Nxd4 Nc5 23. Qb5 Qxd4 24. Qxb4 f5 25. Rfd1 Qe5 26. e3 Rfc8 27. Rd4
Qf6 28. Qd2 Kf8 29. Rd1 Qe7 {(R)} 30. g4 e5 31. Rd6 fxg4 32. e4 Nb7 33. Rd5 Qf6
34. f4 Rxc4 35. Rxe5 Rd8 36. Qe2 Rxd1+ 37. Qxd1 Rc5 38. Qxg4 Rxe5 39. fxe5 Qe7
{(R)} 40. Qf5+ Kg7 41. Bf1 Nc5 42. Bc4 h6 43. Kf2 Qh4+ 44. Kf3 Qh1+ 45. Kg4
Qxe4+ 46. Qxe4 Nxe4 47. Kf5 Nc5 48. e6 Kf8 49. Kf6 Ne4+ 50. Ke5 Nd2 51. Bd5 Ke7
52. Kf5 Nb1 53. Kg6 Nc3 54. Bb3 b5 55. Kxh6 a5 56. a3 a4 57. Bc2 Kxe6 58. Kg5
Kd5 59. Kf4 Kd4 60. Bg6 Nd5+ 61. Kf3 Kc3 62. Ke4 Nc7 63. Bf7 Kb2 64. Kd3 Kxa3
65. Kc3 b4+ 66. Kc2 b3+ 67. Kc3 Nb5+ 0-1

[Event "Brno CEZ Talent"]
[Site "?"]
[Date "2013.08.30"]
[Round "7"]
[White "Richterova, Natasa"]
[Black "Licka, Vlastimil"]
[Result "1-0"]
[WhiteElo "2059"]
[BlackElo "1959"]
[PlyCount "141"]

1. e4 c5 2. Nf3 d6 3. Bb5+ Bd7 4. Bxd7+ Qxd7 5. c4 Nc6 6. Nc3 g6 7. d4 cxd4 8.
Nxd4 Bg7 9. Be3 Nf6 10. f3 O-O 11. Rc1 Rac8 12. b3 Rfd8 13. O-O e6 14. f4 Ne8
15. f5 Bf6 16. fxe6 fxe6 17. Rc2 Qe7 18. Nxc6 bxc6 19. Bh6 Bg7 20. Bxg7 Nxg7
21. Rd2 e5 {(R)} 22. Ne2 Ne6 23. Ng3 Nd4 24. Qg4 Kh8 25. Ne2 Ne6 26. Rfd1 Rc7
27. Kh1 Rcd7 28. Ng1 Nd4 29. Nf3 c5 30. Ng5 Rf8 31. g3 h6 32. Nh3 Kg7 33. Ng1
Rf6 34. Ne2 Nf3 35. Rb2 h5 36. Qh3 Ng5 37. Qg2 Qf7 38. Ng1 Rd8 39. Rbd2 Rd7 40.
h4 Nf3 41. Nxf3 Rxf3 42. Kg1 Rf6 {(R)} 43. Qe2 Qe6 44. Kg2 Qe8 45. Qe3 Qc8 46.
Rd5 Qb7 47. Qd3 Qb6 48. Rxe5 Rdf7 49. Rg5 Rf2+ 50. Kg1 R7f6 51. Rd2 R2f3 52.
Qd5 Qb4 53. e5 dxe5 54. Rxe5 Qc3 55. Re7+ Kh8 56. Re8+ Rf8 57. Rxf8+ Rxf8 58.
Qd3 Qc1+ 59. Kg2 Qe1 60. Qe2 Qa1 61. Rd5 Qf6 62. Qe5 Qxe5 63. Rxe5 Rc8 64. Re7
a5 65. Ra7 Rc6 66. Rxa5 Kg7 67. Ra8 Kf6 68. Rd8 Ra6 69. Rd2 Ke6 70. Kf3 Kf6 71.
Kf4 1-0

[Event "Brno CEZ Talent"]
[Site "?"]
[Date "2013.08.30"]
[Round "7"]
[White "Uhmann, Jan ml."]
[Black "Zeman, Radek"]
[Result "1-0"]
[WhiteElo "2046"]
[BlackElo "1895"]
[PlyCount "39"]

1. e4 c5 2. c3 d5 3. exd5 Qxd5 4. d4 g6 5. dxc5 Qxc5 6. Be3 Qc7 7. Nf3 Bg7 8.
Na3 Bxc3+ 9. Nd2 Bxb2 10. Nb5 Qa5 11. Qc2 Nc6 12. Qxb2 Nf6 13. Bc4 O-O 14. O-O
Bf5 15. Nb3 Qb4 16. Rac1 Na5 17. Be2 Nxb3 18. axb3 Ng4 19. Bxg4 Qxb5 20. Bxf5
1-0

[Event "Brno CEZ Talent"]
[Site "?"]
[Date "2013.08.30"]
[Round "7"]
[White "Majer, Jiri"]
[Black "Zitny, Petr"]
[Result "1-0"]
[WhiteElo "2044"]
[BlackElo "1877"]
[PlyCount "115"]

1. d4 Nf6 2. c4 c5 3. Nf3 cxd4 4. Nxd4 e5 5. Nf3 Nc6 6. Nc3 Be7 7. e4 O-O 8.
Be2 d6 9. O-O Ne8 10. b3 f5 11. Ba3 Qa5 12. Qd5+ Qxd5 13. Nxd5 Bd8 14. Bd3 Ne7
15. Nxe7+ Bxe7 16. exf5 Bxf5 17. Bxf5 Rxf5 18. Rad1 Rc8 19. Rfe1 b6 20. Nxe5
Rxe5 21. Rxe5 dxe5 22. Bxe7 Rc7 23. Bg5 Kf7 24. f3 Nf6 25. Re1 Re7 26. Kf2 h6
27. Bc1 Nd7 28. b4 Re8 29. Ke3 Rc8 30. Kd3 Rc6 31. Bb2 Re6 32. Kc2 g5 33. Re4
Ke7 34. Kb3 Kd6 35. Ba3 Kc6 36. Re2 Rg6 37. h3 Re6 38. Rd2 Nf6 39. b5+ Kc7 40.
c5 Ne8 41. c6 Nf6 42. Bb2 h5 43. Re2 e4 44. Bxf6 Rxf6 45. Rxe4 Rf7 46. Kc4 a6
47. a4 axb5+ 48. axb5 Kd6 49. Rd4+ Ke6 50. h4 gxh4 51. Rxh4 Rf5 52. Re4+ Kd6
53. Rd4+ Ke6 54. Kb4 Ke7 55. Rd7+ Ke8 56. Rb7 Rg5 57. Rb8+ Ke7 58. c7 1-0

[Event "Brno CEZ Talent"]
[Site "?"]
[Date "2013.08.30"]
[Round "7"]
[White "Hlavinka, Zdenek"]
[Black "Navratil, Jiri"]
[Result "0-1"]
[WhiteElo "1951"]
[BlackElo "2036"]
[PlyCount "94"]

1. d4 d5 2. c4 c6 3. cxd5 cxd5 4. Bf4 Nf6 5. Nc3 e6 6. e3 Bd6 7. Bxd6 Qxd6 8.
Bd3 O-O 9. Nf3 Nc6 10. a3 e5 11. Nb5 Qe7 12. dxe5 Nxe5 13. h3 Nxd3+ 14. Qxd3 a6
15. Nbd4 Ne4 16. Ne2 Rd8 17. Ned4 Rd6 18. Rc1 Rg6 19. g4 h5 20. Ne2 hxg4 21.
Nf4 gxf3 22. Nxg6 fxg6 23. Qxd5+ Kh8 24. h4 Bg4 25. Rc4 Nf6 26. Qg5 Bh5 27. O-O
Qe6 28. Rfc1 Ne4 29. Qf4 Qh3 30. Qh2 Qxh2+ 31. Kxh2 Nxf2 32. Rc8+ Rxc8 33.
Rxc8+ Kh7 34. Kg1 Nd3 35. Rd8 Nxb2 36. e4 Nd1 37. e5 Bg4 38. Rd3 f2+ 39. Kf1
Kg8 40. e6 Kf8 41. a4 Ke7 42. a5 Kxe6 43. h5 gxh5 44. Rb3 Ke5 45. Rd3 h4 46.
Rb3 Be6 47. Rb4 Bh3+ 0-1

[Event "Brno CEZ Talent"]
[Site "?"]
[Date "2013.08.30"]
[Round "7"]
[White "Stehlik, Jiri"]
[Black "von Keyserlingk, Chanda"]
[Result "1/2-1/2"]
[WhiteElo "2008"]
[BlackElo "1673"]
[PlyCount "100"]

1. c4 Nf6 2. Nf3 g6 3. g3 Bg7 4. Bg2 d6 5. d4 O-O 6. O-O Nc6 7. Nc3 e5 8. d5
Ne7 9. e4 Nh5 10. Ne1 Nf6 11. Nd3 Nd7 12. Rb1 f5 13. f3 Nf6 14. Bg5 h6 15. Bxf6
Rxf6 16. b4 g5 17. c5 Qe8 18. a4 Ng6 19. exf5 Bxf5 20. Ne4 Bxe4 21. fxe4 Rxf1+
22. Bxf1 Qf7 23. Bh3 Kh8 24. Qh5 Qe8 25. Bf5 Ne7 26. Qxe8+ Rxe8 {(R)} 27. Bg4
Ng8 28. cxd6 cxd6 29. Rc1 Nf6 30. Bf5 Re7 31. Rc8+ Re8 32. Rc7 Bf8 33. Rxb7 Re7
34. Rb8 Re8 35. Rxe8 Nxe8 36. Nb2 Kg7 37. Nc4 Be7 38. Na5 Bd8 39. Nc6 Bb6+ 40.
Kf1 Kf6 41. Ke2 Nc7 42. Kd3 Nxd5 {(R)} 43. Bd7 Ne7 44. a5 Bg1 45. h3 Nxc6 46.
Bxc6 Ke7 47. Kc4 Kd8 48. Kb5 Kc7 49. Bd5 Bf2 50. g4 Be1 {(R)} 1/2-1/2

[Event "Brno CEZ Talent"]
[Site "?"]
[Date "2013.08.30"]
[Round "7"]
[White "Paulik, Martin"]
[Black "Kuchynka, Lubos"]
[Result "1-0"]
[WhiteElo "1875"]
[BlackElo "2038"]
[PlyCount "107"]

1. c4 Nf6 2. Nc3 g6 3. g3 e5 4. Bg2 Bg7 5. d3 d6 6. f4 exf4 7. Bxf4 Nc6 8. Nf3
O-O 9. O-O h6 10. h4 Nh5 11. Qd2 Nxf4 12. Qxf4 Ne5 13. Rab1 f5 14. Nd2 Ng4 15.
Nf3 c6 16. d4 Be6 17. b3 Qd7 18. Nh2 c5 19. Nb5 a6 20. d5 Be5 21. dxe6 Qe7 22.
Qf3 Nxh2 23. Qxb7 Qxb7 24. Bxb7 Nxf1 25. e7 axb5 26. exf8=Q+ Rxf8 27. Bd5+ Kg7
28. Kxf1 Rb8 29. Kg2 bxc4 30. Bxc4 Bd4 31. a4 Ra8 32. Kf3 Kf6 33. e3 Be5 34.
Re1 g5 35. hxg5+ hxg5 36. Rh1 Kg6 37. g4 Rf8 38. Bd3 Rb8 39. gxf5+ Kg7 40. Bc4
Bc3 41. Kg4 Re8 42. Kxg5 Rxe3 43. a5 Bf6+ 44. Kf4 Re7 45. Rg1+ Kh7 46. Rg6 Bc3
47. a6 Bd2+ 48. Kg4 Re4+ 49. Kh5 Re5 50. Be6 c4 51. bxc4 Ra5 52. Rf6 Rxa6 53.
Rf7+ Kh8 54. Kg6 1-0

[Event "Brno CEZ Talent"]
[Site "?"]
[Date "2013.08.30"]
[Round "7"]
[White "Sladek, Vladislav"]
[Black "Martisek, Karel"]
[Result "1/2-1/2"]
[WhiteElo "2024"]
[BlackElo "1872"]
[PlyCount "57"]

1. e4 e5 2. Bc4 Nf6 3. d4 exd4 4. Nf3 d6 5. O-O Be7 6. Re1 Bg4 7. h3 Bxf3 8.
Qxf3 Nbd7 9. Bf4 Ne5 10. Bxe5 dxe5 11. Qb3 O-O 12. Qxb7 Rb8 13. Qxa7 Rxb2 14.
Bd3 Qb8 15. Qxb8 Rfxb8 {(R)} 16. a3 c5 17. Nd2 R2b7 18. a4 Ne8 19. a5 Ra7 20.
Nc4 f6 21. Reb1 Rb4 22. Kf1 Nd6 {(R)} 23. Rxb4 cxb4 24. a6 Nc8 25. Na5 Rc7 26.
Bc4+ Kf8 27. Ra2 Na7 28. Bd5 Bc5 29. Nb7 {(R)} 1/2-1/2

[Event "Brno CEZ Talent"]
[Site "?"]
[Date "2013.08.30"]
[Round "7"]
[White "Kosina, Vladimir"]
[Black "Hosek, Martin"]
[Result "0-1"]
[WhiteElo "1773"]
[BlackElo "2008"]
[PlyCount "92"]

1. d4 Nf6 2. c4 g6 3. Nc3 d5 4. cxd5 Nxd5 5. e4 Nxc3 6. bxc3 Bg7 7. Nf3 c5 8.
Bb5+ Nc6 9. Bxc6+ bxc6 10. O-O O-O 11. Re1 Bg4 12. Bb2 Rb8 13. Rb1 Qa5 14. Re2
Rfd8 15. h3 Bxf3 16. gxf3 cxd4 17. cxd4 Bxd4 18. Bxd4 Rxb1 19. Qxb1 Rxd4 20.
Qc1 Qh5 21. Kg2 Rd3 22. Re3 Qg5+ 23. Kh2 c5 24. Qe1 c4 25. Qe2 Rxe3 26. fxe3
Qc5 27. Kg2 c3 28. Qe1 c2 29. Qc1 Qc4 30. Kf2 Qxa2 31. Ke2 Qb1 32. Kd2 Qxc1+
33. Kxc1 Kg7 34. f4 Kh6 35. Kxc2 Kh5 36. Kc3 Kh4 37. Kc4 Kxh3 38. Kc5 Kg4 39.
Kc6 a5 40. Kd7 a4 41. Kxe7 a3 42. Kxf7 a2 43. Kg7 a1=Q+ 44. Kxh7 Kh5 45. Kg8
Qf6 46. e5 Qe7 0-1

[Event "Brno CEZ Talent"]
[Site "?"]
[Date "2013.08.30"]
[Round "7"]
[White "Kopecek, Ivan"]
[Black "Zuziak, Petr"]
[Result "1/2-1/2"]
[WhiteElo "1933"]
[BlackElo "1713"]
[PlyCount "94"]

1. e4 g6 2. d4 Bg7 3. Nc3 c6 4. Nf3 d5 5. Be3 Nf6 6. Bd3 dxe4 7. Nxe4 Nxe4 8.
Bxe4 c5 9. O-O O-O 10. dxc5 Qxd1 11. Rfxd1 f5 12. Bd5+ e6 13. Bc4 Bxb2 14. Rab1
Bf6 15. Nd4 Bxd4 16. Bxd4 Nc6 17. Bc3 Kf7 18. Rd6 Rd8 19. f4 Rxd6 20. cxd6 b6
21. Kf2 Bd7 22. Ke3 Nd8 23. Be5 Rc8 24. Bb3 b5 25. a3 Nb7 26. c3 Rc6 27. a4
Nxd6 28. axb5 Nxb5 29. c4 Nd6 30. Rd1 Ke7 31. c5 Nb5 32. Ba4 Rxc5 33. Bxb5 Rxb5
34. Ra1 a5 35. Bc3 Rb3 36. Kd4 a4 37. h4 Rb5 38. Ra2 Rd5+ 39. Kc4 Rd1 40. Bb4+
Kf7 41. Ra3 Rd5 42. Re3 Bb5+ {(R)} 43. Kc3 Bd7 44. g3 Kf6 45. Kb2 Bb5 46. Bc3+
Kf7 47. Ka3 Bd7 1/2-1/2

[Event "Brno CEZ Talent"]
[Site "?"]
[Date "2013.08.30"]
[Round "7"]
[White "Effenberger, Adam"]
[Black "Veznik, Michael"]
[Result "1-0"]
[WhiteElo "1700"]
[BlackElo "1876"]
[PlyCount "141"]

1. d4 d6 2. e4 g6 3. Nc3 Bg7 4. Nf3 c6 5. Be2 Nd7 6. O-O Ngf6 7. h3 O-O 8. e5
Ne8 9. Re1 Nc7 10. Bf4 Ne6 11. Bg3 d5 12. Bd3 Nb6 13. Ne2 c5 14. c3 Bd7 15. b3
Rc8 16. Rc1 Rc7 17. Nf4 Qc8 18. Nxe6 Bxe6 19. Qd2 h6 20. Bf4 Kh7 21. h4 Bf5 22.
e6 Rc6 23. Bxf5 gxf5 24. exf7 Rxf7 25. Ne5 Bxe5 26. Rxe5 Rg7 27. dxc5 Nd7 28.
Rxf5 Nxc5 29. Rxd5 Rcg6 30. f3 Qh3 31. Bg5 Qc8 32. Qe3 Ne6 33. f4 Nc7 34. h5
Nxd5 35. hxg6+ Rxg6 36. Qd4 Qf5 37. c4 hxg5 38. cxd5 gxf4 39. Re1 Qg5 40. Qe4
Kh6 41. Re2 Rd6 42. Qxe7 Qxd5 43. Qh4+ Kg6 44. Qxf4 Rf6 45. Qe4+ Qf5 46. Qxf5+
Rxf5 47. Re7 Rb5 48. Kf2 a5 49. g4 a4 50. Re3 Rb4 51. Kg3 Kg5 52. Re5+ Kf6 53.
Rf5+ Kg6 54. Rf3 Kg5 55. Rf5+ Kg6 56. Rf4 Rb5 57. Rxa4 Kg5 58. Rc4 Rd5 59. Rc3
b6 60. Rf3 Rd2 61. a4 Rb2 62. Rf5+ Kg6 63. Rb5 Rb1 64. Rxb6+ Kg5 65. Rb5+ Kg6
66. a5 Ra1 67. b4 Rg1+ 68. Kf3 Rf1+ 69. Ke4 Rf8 70. a6 Ra8 71. Ra5 1-0

[Event "Brno CEZ Talent"]
[Site "?"]
[Date "2013.08.30"]
[Round "7"]
[White "Lisik, Miroslav"]
[Black "Zikan, Karel"]
[Result "1-0"]
[WhiteElo "1667"]
[BlackElo "1795"]
[PlyCount "73"]

1. e4 c6 2. d4 d5 3. exd5 cxd5 4. Bd3 Nc6 5. c3 Nf6 6. Bf4 Bg4 7. Qb3 Qc8 8.
Nd2 e6 9. Ngf3 Bxf3 10. Nxf3 Be7 11. O-O O-O 12. Ne5 a6 13. a4 Nd7 14. Qc2 g6
15. Nf3 Bf6 16. Rae1 Na5 17. h4 Kg7 18. Qc1 Kg8 19. Bh6 Bg7 20. h5 Nc4 21. hxg6
hxg6 22. g3 Nf6 23. Kg2 Ng4 24. Rh1 f5 25. Bxg7 Kxg7 26. Ng5 e5 27. Rh7+ Kf6
28. Bxc4 dxc4 29. dxe5+ Nxe5 30. Rxe5 Kxe5 31. Qf4+ Kd5 32. Qd4+ Kc6 33. Qxc4+
Kb6 34. Qd4+ Kc6 35. b4 b6 36. a5 Qd8 37. Qc4+ 1-0

[Event "Brno CEZ Talent"]
[Site "?"]
[Date "2013.08.30"]
[Round "7"]
[White "Hrdlicka, Vladan"]
[Black "Turza, Pavel"]
[Result "1-0"]
[WhiteElo "1686"]
[BlackElo "1774"]
[PlyCount "63"]

1. e4 e5 2. Nf3 Nc6 3. Bc4 Bc5 4. b4 Bxb4 5. c3 Bd6 6. d4 Qe7 7. O-O h6 8. a4
Nf6 9. Nbd2 g5 10. a5 Nh7 11. Qb3 Nf8 12. dxe5 Nxe5 13. Nxe5 Bxe5 14. Nf3 Ng6
15. Nd4 Bxd4 16. cxd4 Nf4 17. e5 Ne6 18. Qc3 f5 19. exf6 Qxf6 20. Bb2 Nf4 21.
Rfe1+ Kd8 22. Qe3 d5 23. Ba3 Be6 24. Bf1 c6 25. g3 Re8 26. gxf4 gxf4 27. Qe5
Qg6+ 28. Kh1 Bd7 29. Qxf4 Re4 30. Rxe4 dxe4 31. Qf8+ Be8 32. Qe7+ 1-0

[Event "Brno CEZ Talent"]
[Site "?"]
[Date "2013.08.30"]
[Round "7"]
[White "Martirosyan, Ara"]
[Black "Prokop, Jiri"]
[Result "1/2-1/2"]
[WhiteElo "1610"]
[BlackElo "1758"]
[PlyCount "42"]

1. e4 d6 2. d4 Nf6 3. Nc3 g6 4. Nf3 Bg7 5. h3 c6 6. a4 a5 7. Be3 e6 8. Be2 O-O
9. O-O Na6 10. Qd2 Nc7 11. Bg5 Qd7 12. Rad1 b5 13. e5 Nfd5 14. Nxd5 Nxd5 15.
axb5 cxb5 16. exd6 b4 17. Bf4 Nxf4 18. Qxf4 Ba6 19. Ne5 Bxe5 20. Qxe5 Bxe2 21.
Qxe2 Qxd6 1/2-1/2

[Event "Brno CEZ Talent"]
[Site "?"]
[Date "2013.08.30"]
[Round "7"]
[White "Kaplan, Milan"]
[Black "Blazek, Pavel"]
[Result "1-0"]
[WhiteElo "1000"]
[BlackElo "1820"]
[PlyCount "103"]

1. e4 e5 2. Nf3 Nc6 3. Bb5 a6 4. Ba4 Nf6 5. O-O d6 6. d4 b5 7. Bb3 Nxd4 8. Nxd4
exd4 9. a4 Bd7 10. Re1 Be7 11. Qxd4 O-O 12. h3 Re8 13. Nc3 c5 14. Qd1 c4 15.
Ba2 Qc7 16. axb5 axb5 17. Bf4 Bc6 18. b4 Ra3 19. Nd5 Bxd5 20. exd5 Rea8 21. Qe2
Bf8 22. c3 Qa7 23. Bxc4 Rxa1 24. Bxb5 Rxe1+ 25. Qxe1 Qa1 26. Kf1 Qxe1+ 27. Kxe1
Nxd5 28. Bd2 Nc7 29. Bc6 Ra1+ 30. Ke2 Rb1 31. c4 Na6 32. b5 Nc5 33. Ba5 Be7 34.
f4 g5 35. fxg5 Bxg5 36. Bc7 Bf4 37. Kf3 Be5 38. b6 Kf8 39. Kg4 Rb2 40. Kg5
Rxg2+ 41. Bxg2 Ke7 42. b7 Nxb7 43. Bxb7 Ke6 44. Bd5+ Ke7 45. Kh6 Kf6 46. Bd8+
Kf5 47. Bxf7 Bf4+ 48. Kxh7 Be5 49. h4 Bf6 50. Bxf6 Kxf6 51. Kg8 Kf5 52. Kg7 1-0

[Event "Brno CEZ Talent"]
[Site "?"]
[Date "2013.08.30"]
[Round "7"]
[White "Doskar, Miloslav"]
[Black "Nehyba, Martin"]
[Result "1-0"]
[WhiteElo "1739"]
[BlackElo "1566"]
[PlyCount "99"]

1. d4 d5 2. c4 e6 3. Nf3 Nf6 4. Nc3 Be7 5. e3 Nbd7 6. Bd3 dxc4 7. Bxc4 c5 8.
O-O O-O 9. Qc2 b6 10. dxc5 Nxc5 11. Rd1 Qc7 12. Nb5 Qb8 13. b3 Bb7 14. Qe2 a6
15. Nbd4 b5 16. Bd3 Nxd3 17. Rxd3 Be4 18. Rd1 e5 19. Nc2 Qc7 20. Nce1 Rad8 21.
Bb2 Bd6 22. Rac1 Bxf3 23. Nxf3 e4 24. Rxc7 exf3 25. Qxf3 Bxc7 26. Bxf6 gxf6 27.
Rxd8 Rxd8 28. g3 Rd6 29. Qg4+ Kh8 30. h4 Re6 31. h5 Bd6 32. Qf3 Kg8 33. Qa8+
Bf8 34. Kg2 Rd6 35. Kf3 Re6 36. g4 Kg7 37. h6+ Kg8 38. Kf4 Rd6 39. f3 Re6 40.
e4 Rd6 41. Ke3 Re6 42. f4 f5 43. gxf5 Rxh6 44. e5 Rh3+ 45. Ke4 h5 46. f6 h4 47.
f5 Rh2 48. Kf3 Rxa2 49. e6 h3 50. e7 1-0

[Event "Brno CEZ Talent"]
[Site "?"]
[Date "2013.08.30"]
[Round "7"]
[White "Navratilova, Alena"]
[Black "Koci, Tereza"]
[Result "1/2-1/2"]
[WhiteElo "1684"]
[BlackElo "1426"]
[PlyCount "37"]

1. Nf3 Nc6 2. d4 d5 3. g3 Nf6 4. Bg2 Bf5 5. a3 h6 6. Nbd2 Qd6 7. c4 e5 8. dxe5
Nxe5 9. Nxe5 Qxe5 10. cxd5 Bd6 11. Nc4 Qe7 12. Nxd6+ cxd6 13. O-O O-O 14. Bd2
Be4 15. Bc3 Nxd5 16. Bxe4 Nxc3 17. bxc3 Qxe4 18. e3 Qe5 19. Qd3 {(R)} 1/2-1/2

[Event "Brno CEZ Talent"]
[Site "?"]
[Date "2013.08.30"]
[Round "7"]
[White "Glacner, Karel"]
[Black "Sojka, Oldrich"]
[Result "1-0"]
[WhiteElo "1583"]
[BlackElo "1639"]
[PlyCount "127"]

1. d4 d5 2. c4 Bf5 3. Qb3 b6 4. cxd5 Bxb1 5. Rxb1 Nf6 6. e3 Nxd5 7. Bb5+ c6 8.
Bd3 e6 9. Bd2 Be7 10. Nf3 O-O 11. Rc1 c5 12. O-O cxd4 13. Nxd4 Bd6 14. Rfd1 Qh4
15. Nf3 Qf6 16. Bb1 Nd7 17. Qc2 g6 18. Bc3 Ne5 19. Bxe5 Bxe5 20. Nxe5 Qxe5 21.
a3 Nf6 22. Qc3 Qxc3 23. Rxc3 Rac8 24. Rdc1 Rxc3 25. Rxc3 Rd8 26. Bc2 Nd5 27.
Rc4 Rd7 28. g3 Kg7 29. Rd4 Rc7 30. Rd2 Kf6 31. e4 Ne7 32. Bb3 Ke5 33. f3 g5 34.
Kf2 h6 35. g4 Ng6 36. Ke3 Nf4 37. Ba4 h5 38. gxh5 Nxh5 39. Rg2 f6 40. Rg4 Nf4
41. h4 gxh4 42. Rxf4 Rh7 43. Rg4 h3 44. Rg1 h2 45. Rh1 Rh3 46. Bd7 f5 47. exf5
exf5 48. Bc6 f4+ 49. Kf2 Rh6 50. Be4 Kd4 51. Kg2 Kc4 52. Rxh2 Rxh2+ 53. Kxh2
Kb3 54. Bc6 Kxb2 55. a4 Kc3 56. Kh3 a6 57. Kg4 Kc4 58. Kxf4 Kc5 59. Bb7 b5 60.
axb5 axb5 61. Ke5 b4 62. f4 b3 63. f5 b2 64. Be4 1-0

[Event "Brno CEZ Talent"]
[Site "?"]
[Date "2013.08.30"]
[Round "7"]
[White "Richterova, Julie"]
[Black "Kandalec, Stefan"]
[Result "1-0"]
[WhiteElo "1437"]
[BlackElo "1843"]
[PlyCount "44"]

1. d4 d5 2. c4 c6 3. Nc3 Bf5 4. Nf3 Nd7 5. Qb3 e6 6. Qxb7 Ngf6 7. c5 Qc8 8.
Qxc8+ Rxc8 9. Bf4 h6 10. h3 Be7 11. e3 Bd8 12. Ba6 Rc7 13. Bxc7 Bxc7 14. O-O
O-O 15. b4 Nb8 16. Bb7 Nfd7 17. a4 e5 18. b5 e4 19. Nd2 g5 20. bxc6 Nf6 21. Nb5
Ba5 22. Nb3 Bb4 1-0

[Event "Brno CEZ Talent"]
[Site "?"]
[Date "2013.08.31"]
[Round "8"]
[White "Polak, Tomas"]
[Black "Svoboda, Vaclav"]
[Result "1-0"]
[WhiteElo "2492"]
[BlackElo "2424"]
[PlyCount "49"]

1. d4 Nf6 2. c4 e6 3. Nf3 Bb4+ 4. Bd2 c5 5. Bxb4 cxb4 6. e3 O-O 7. Be2 d6 8.
O-O Nc6 9. Nbd2 e5 10. Qb3 a5 11. a3 bxa3 12. bxa3 Re8 13. Qb2 Rb8 14. h3 Bf5
15. Rfd1 Nd7 16. Nf1 Bg6 17. Rac1 Qe7 18. Qd2 Nf6 19. Ng3 Qc7 20. Qb2 b6 21.
Nh4 Nd8 22. Ngf5 Nc6 23. Bf3 Rbd8 24. Bxc6 Qxc6 25. dxe5 1-0

[Event "Brno CEZ Talent"]
[Site "?"]
[Date "2013.08.31"]
[Round "8"]
[White "Plat, Vojtech"]
[Black "Bernasek, Jan"]
[Result "1/2-1/2"]
[WhiteElo "2470"]
[BlackElo "2535"]
[PlyCount "33"]

1. e4 c5 2. Nf3 d6 3. d4 cxd4 4. Nxd4 Nf6 5. Nc3 a6 6. Be2 e5 7. Nb3 Be7 8. a4
O-O 9. O-O Be6 10. Be3 {(R)} Nc6 11. Kh1 Rc8 12. f4 exf4 13. Bxf4 d5 14. exd5
Nxd5 15. Nxd5 Bxd5 16. Bf3 Be6 17. Bxc6 {(R)} 1/2-1/2

[Event "Brno CEZ Talent"]
[Site "?"]
[Date "2013.08.31"]
[Round "8"]
[White "Skliba, Martin"]
[Black "Velicka, Petr"]
[Result "1/2-1/2"]
[WhiteElo "2271"]
[BlackElo "2421"]
[PlyCount "107"]

1. d4 d6 2. Nf3 Bg4 3. c4 Nd7 4. Nc3 e5 5. e3 Ngf6 6. h3 Bh5 7. Be2 Be7 8. Qb3
exd4 9. Nxd4 Bxe2 10. Ncxe2 Nb6 11. Qc2 O-O 12. O-O c5 13. Nf5 d5 14. cxd5
Nfxd5 15. e4 Nb4 16. Qc3 f6 17. Be3 Na6 18. Rad1 Qe8 19. Bh6 Rf7 20. Bxg7 Rxg7
21. Nxg7 Kxg7 22. Ng3 Nc7 23. Nf5+ Kh8 24. Rfe1 Rd8 25. Rxd8 Qxd8 26. Nxe7 Qxe7
27. e5 Nbd5 28. exf6 Qxf6 29. Qxc5 b6 30. Qc2 Ne6 31. Qc8+ Nf8 32. Re8 Kg7 33.
Qg4+ Ng6 34. Ra8 a5 35. Ra7+ Kh6 36. Qd1 Qg5 37. g3 Nge7 38. h4 Qe5 39. Rd7 Qe6
40. Rd8 Qe5 41. Qg4 Nf6 42. Qf3 Kg7 43. b3 b5 44. Kg2 b4 45. Ra8 h5 46. Ra7 Ng4
47. Qb7 Kf7 48. Qf3+ Nf6 49. Ra6 Ned5 50. Ra7+ Ne7 51. Ra6 {(R)} Kg7 52. Ra7
Kg6 53. Ra6 Kf7 54. Ra7 1/2-1/2

[Event "Brno CEZ Talent"]
[Site "?"]
[Date "2013.08.31"]
[Round "?"]
[White "Ponizil, Cyril"]
[Black "Roubalik, Jakub"]
[Result "1-0"]
[WhiteElo "2421"]
[BlackElo "2344"]
[PlyCount "131"]

1. e4 e5 2. Bc4 Nf6 3. d3 c6 4. Nf3 d5 5. Bb3 Bd6 6. Nc3 dxe4 7. Ng5 O-O 8.
Ngxe4 Nxe4 9. Nxe4 Bb4+ 10. c3 Be7 11. O-O Bf5 12. Qh5 Bxe4 13. dxe4 Nd7 14.
Rd1 Qc7 15. Be3 Nc5 16. Qg4 Rad8 17. Bc2 Ne6 18. Bb3 Nc5 19. Bc2 Ne6 {(R)} 20.
g3 Bc5 21. Bxc5 Nxc5 22. b4 Ne6 23. Bb3 Qe7 24. h4 Nc7 25. h5 Nb5 26. Qf3 Nc7
27. Qf5 Nb5 28. Rac1 Nd6 29. Qg4 b6 30. Ba4 Qc7 31. h6 g6 32. Qf3 f6 33. Rd3 f5
34. exf5 e4 35. Bb3+ Kh8 36. Qe3 Nxf5 37. Qxe4 Rxd3 38. Qxd3 Nxh6 39. Qd4+ Qg7
40. Qxg7+ Kxg7 41. Rd1 Ng4 42. Rd7+ Kh6 43. Rxa7 Nxf2 44. Re7 Ng4 45. Re4 Kg5
46. Be6 h5 47. Bxg4 hxg4 48. Rc4 Rf3 49. Kg2 c5 50. b5 Re3 51. a4 Re2+ 52. Kf1
Ra2 53. Ke1 Kf5 54. Rf4+ Kg5 55. Rc4 Kf5 56. Kd1 g5 57. Kc1 Rh2 58. a5 bxa5 59.
Rxc5+ Ke4 60. b6 Rh7 61. Rc7 Rh6 62. b7 Rb6 63. c4 a4 64. c5 Rb5 65. c6 a3 66.
Rc8 1-0

[Event "Brno CEZ Talent"]
[Site "?"]
[Date "2013.08.31"]
[Round "8"]
[White "Dambrauska, Virginijus"]
[Black "Bures, Jaroslav"]
[Result "1/2-1/2"]
[WhiteElo "2280"]
[BlackElo "2377"]
[PlyCount "26"]

1. Nf3 Nf6 2. c4 e6 3. Nc3 c5 4. g3 Nc6 5. Bg2 d5 6. cxd5 Nxd5 7. O-O Be7 8. d4
O-O 9. Nxd5 {(R)} exd5 10. dxc5 Bxc5 11. Bg5 f6 12. Bd2 Bb6 13. e3 Bf5 {(R)}
1/2-1/2